| 000 | 00426nam a2200157 i 4500 | ||
|---|---|---|---|
| 040 | _cDLC | ||
| 082 | 0 | 0 | _a526 EYR 1969 A030 Or. |
| 100 | 1 | _aDurbec, Gérard. | |
| 245 | 1 | 0 | _aCours de topométrie générale / |
| 250 | _a2. éd. mise à jour. | ||
| 260 |
_aParis : _bEyrolles, _c1974- c1969. |
||
| 300 |
_av. : _bill. ; _c25 cm. |
||
| 490 | 0 | _aCollection des cours de l'École chez soi | |
| 650 | 0 | _aSurveying. | |
| 942 | _cFB | ||
| 999 |
_c11507 _d11507 |
||